| 000 | 01113nam a22002657a 4500 | ||
|---|---|---|---|
| 005 | 20170124102943.0 | ||
| 010 | _aA-462126 | ||
| 020 | _c40.00 | ||
| 035 | _aA-462126 | ||
| 037 | _bCen Lib/Ret | ||
| 040 |
_aDPL _bHN |
||
| 082 |
_a822 _bशंकर |
||
| 100 |
_aशंकर सुल्तानपुरी _945637 |
||
| 245 |
_aदुःख भंजन की शोध यात्रा : _cशंकर सुल्तानपुरी _bतथा एनी हास्य -व्यंग प्रहसन / |
||
| 246 |
_adukhbhanjan ki shodh yatra :tatha anya hasya -vyang prahsan _bsampadak Usha Dutt |
||
| 260 |
_aलखनऊ _bसुलभ प्रकाशन _c1990 |
||
| 270 |
_a17,अशोक मार्ग _bलखनऊ |
||
| 300 |
_a132पृष्ठ. / _c17सेमी(सजिल्द) |
||
| 650 |
_aहिंदी साहित्य _948973 |
||
| 650 |
_aहिंदी प्रहसन _97 |
||
| 650 |
_aHindi Literature _948974 |
||
| 650 |
_aHindi comedy _948975 |
||
| 700 | _94358 | ||
| 942 |
_2ddc _cHN _h822 _mशंकर |
||
| 999 |
_c112737 _d112737 |
||